<?xml version="1.0" encoding="UTF-8"?>
<record
    xmlns:xsi="http://www.w3.org/2001/XMLSchema-instance"
    xsi:schemaLocation="http://www.loc.gov/MARC21/slim http://www.loc.gov/standards/marcxml/schema/MARC21slim.xsd"
    xmlns="http://www.loc.gov/MARC21/slim">

  <leader>01862nam a22002177a 4500</leader>
  <controlfield tag="005">20221019100400.0</controlfield>
  <controlfield tag="008">221019b           ||||| |||| 00| 0 eng d</controlfield>
  <datafield tag="040" ind1=" " ind2=" ">
    <subfield code="c">AL</subfield>
  </datafield>
  <datafield tag="041" ind1=" " ind2=" ">
    <subfield code="a">eng</subfield>
  </datafield>
  <datafield tag="082" ind1=" " ind2=" ">
    <subfield code="2">23</subfield>
    <subfield code="a">306.0954</subfield>
    <subfield code="b">PLAN</subfield>
  </datafield>
  <datafield tag="100" ind1=" " ind2=" ">
    <subfield code="a">Planning Commission Government of India</subfield>
    <subfield code="9">59930</subfield>
  </datafield>
  <datafield tag="245" ind1=" " ind2=" ">
    <subfield code="a">National human development report 2001</subfield>
  </datafield>
  <datafield tag="260" ind1=" " ind2=" ">
    <subfield code="a">New Delhi</subfield>
    <subfield code="b">Planning Commission Government of India</subfield>
    <subfield code="c">2002</subfield>
  </datafield>
  <datafield tag="300" ind1=" " ind2=" ">
    <subfield code="a">iv,297p.</subfield>
    <subfield code="b">PB</subfield>
    <subfield code="c">30x21cm.</subfield>
  </datafield>
  <datafield tag="520" ind1=" " ind2=" ">
    <subfield code="a">The Report attempts to map the state of human development in India, looking in particular at gender equality and poverty. The Report breaks new ground in several areas by presenting the level of human development at State-level and in constructing indices such as a gender equality index. The Report finds that although overall human development has improved, at the State level there are wide disparities. However, it notes that among the middle-income states there is no correspondence between the HDI and level of development, indicating that allocation of adequate public resources is not enough; they must be used effectively and efficiency. Human attainment appears to be better where there is social mobilization for human development, and where female literacy and empowerment encourages women to have a say in the decision-making process at the household level. The Report also includes a section on governance, suggesting an alternative framework of governance to further human development. This includes empowering women, reforming the civil service, supporting civil society initiatives, and removing unnecessary procedural regulations that stifle entrepreneurial energy.</subfield>
  </datafield>
  <datafield tag="650" ind1=" " ind2=" ">
    <subfield code="a">Economic Attainments</subfield>
    <subfield code="9">59926</subfield>
  </datafield>
  <datafield tag="650" ind1=" " ind2=" ">
    <subfield code="a">Educational Attainments</subfield>
    <subfield code="9">59927</subfield>
  </datafield>
  <datafield tag="650" ind1=" " ind2=" ">
    <subfield code="a">Health Attainment</subfield>
    <subfield code="9">59928</subfield>
  </datafield>
  <datafield tag="700" ind1=" " ind2=" ">
    <subfield code="a">PLANNING COMMISSION GOVERNMENT OF INDIA</subfield>
    <subfield code="9">59929</subfield>
  </datafield>
  <datafield tag="942" ind1=" " ind2=" ">
    <subfield code="2">ddc</subfield>
    <subfield code="c">GF</subfield>
  </datafield>
  <datafield tag="999" ind1=" " ind2=" ">
    <subfield code="c">224881</subfield>
    <subfield code="d">224881</subfield>
  </datafield>
  <datafield tag="952" ind1=" " ind2=" ">
    <subfield code="0">0</subfield>
    <subfield code="1">0</subfield>
    <subfield code="2">ddc</subfield>
    <subfield code="4">0</subfield>
    <subfield code="7">0</subfield>
    <subfield code="8">OTH</subfield>
    <subfield code="a">AL</subfield>
    <subfield code="b">AL</subfield>
    <subfield code="d">2013-03-24</subfield>
    <subfield code="l">0</subfield>
    <subfield code="o">306.0954 PLAN</subfield>
    <subfield code="p">GF01290</subfield>
    <subfield code="r">2022-10-19 00:00:00</subfield>
    <subfield code="w">2022-10-19</subfield>
    <subfield code="y">GF</subfield>
  </datafield>
</record>
